The Significant Soul/ (Record no. 208983)

MARC details
000 -LEADER
fixed length control field 00572nam a22001937a 4500
005 - DATE AND TIME OF LATEST TRANSACTION
control field 20250211145713.0
010 ## - LCCN (DPL NO)
LC control number 127230
020 ## - INTERNATIONAL STANDARD BOOK NUMBER
Terms of availability 299.00
International Standard Book Number 9788194906292
035 ## - SYSTEM CONTROL NUMBER
System control number EN-127230
037 ## - SOURCE OF ACQUISITION
Source of stock number/acquisition DBAD
082 ## - DEWEY DECIMAL CLASSIFICATION NUMBER
Classification number 808.883
Item number 1
100 ## - MAIN ENTRY--PERSONAL NAME
Personal name Chaturvedi Abhishek
245 ## - TITLE STATEMENT
Title The Significant Soul/
Statement of responsibility, etc By Abhishek Chaturvedi
Medium English
250 ## - EDITION STATEMENT
Edition statement 1
260 ## - PUBLICATION, DISTRIBUTION, ETC. (IMPRINT)
Place of publication, distribution, etc New Delhi
Name of publisher, distributor, etc Highbrow Scribes Publication
Date of publication, distribution, etc 2022
270 ## - ADDRESS
City New Delhi
Address 55-c Jhang Appts, Sec-13- Rohini
Postal code 110085
300 ## - PHYSICAL DESCRIPTION
Extent 198
Dimensions 21cm (p)
942 ## - ADDED ENTRY ELEMENTS (KOHA)
Source of classification or shelving scheme Dewey Decimal Classification
Item type English Books
Classification part 808.883
Call number suffix Cha
Holdings
Withdrawn status Lost status Not for loan Collection code Home library Current library Date acquired Source of acquisition Cost, normal purchase price Full call number Barcode Copy number Cost, replacement price Koha item type
      Non-fiction Central Library Central Library 11/02/2025 Delivery of Books Act Division 299.00 808.883 CHA EN-127230 1 299.00 English Books

© Delhi Public Library
Hit Counter
free hit counter